000 00394nam a2200145Ia 4500
008 151021s9999 xx 000 0 und d
020 _a9966447113
050 _aHF5549.2.K4E98 2007
245 _a_Management of Human Resources in kenya
260 _aKenya K.L.B 2007
300 _axi174p.
500 _aIncludes index
650 _a_Human Resource
980 _a^d20110127 11:44:17^okorir
999 _c6496
_d6496